000 01256nam a22003017a 4500
999 _c29545
_d29516
003 EG-ScBUE
005 20211004145558.0
008 210930s2006 ua a f b 000 0 ara d
017 _a2006/15801
020 _a9772822342
040 _aEG-ScBUE
_bara
_erda
_cEG-ScBUE
_dEG-ScBUE
082 0 4 _a373.0246
_bب ن ك
_222
110 2 _aالبنك الدولي،
_eمؤلف.
245 1 0 _aتوسيع الفرص المتاحة للشباب وبناء قدراته :
_bبرنامج عمل جديد للتعليم الثانوي /
_cالبنك الدولي، واشنطن دي.سي.
264 1 _aالقاهرة :
_bالدار الدولية للاستثمارات الثقافية،
_c2006.
300 _a470 صفحة :
_bإيضاحيات ؛
_c25 سم.
336 _2rdacontent
_aنص
_btxt
337 _2rdamedia
_aبدون وسيط
_bn
338 _2rdacarrier
_aمجلد
_bnc
490 0 _aألف باء
504 _aيشتمل على إرجاعات ببليوجرافية.
541 _cDonation.
650 7 _aالتعليم المهني
_xجوانب اقصادية.
_2BUEsh
650 7 _aالتعليم الثانوي
_xجوانب اقصادية.
_2BUEsh
653 7 _aBUEsh
_bGGEN
_cSeptember2021
655 7 _2BUEsh
_vReading book
_934232
942 _2ddc